Grupos de Cinco - Fútbol - Estadísticas

Estadísticas generales
  • Esta prueba ha sido intentada 143 veces
    70 desde el último reinicio
  • La puntuación promedio es 38 de 55
Estadísticas de respuestas
Grupo Respuesta % Correcto
4. Argentina
94%
4. Brasil
94%
7. Barcelona
92%
6. España
92%
6. Italia
92%
10. Países Bajos
92%
6. Portugal
92%
7. Real Madrid
92%
4. Uruguay
92%
7. Bayern Munich
91%
2. Boca Juniors
91%
4. Colombia
91%
6. Francia
91%
1. La Liga
91%
1. Premier League
91%
2. River Plate
91%
1. Bundesliga
89%
1. Serie A
89%
7. Liverpool
87%
7. Milan
85%
8. Mundial
81%
4. Perú
81%
6. Grecia
79%
8. Copa América
77%
3. 2002
74%
10. Croacia
74%
3. 1958
72%
3. 1962
72%
3. 1970
72%
3. 1994
72%
5. Corner
72%
11. París
70%
11. Marsella
66%
5. Penal
66%
2. Racing
66%
1. Ligue One
64%
11. Lyon
62%
10. Hungría
60%
8. Finalissima
55%
2. Independiente
55%
5. Saque de Banda
55%
9. Inter Miami
51%
10. Suecia
51%
5. Tiro Libre
51%
2. San Lorenzo
49%
10. Checoslovaquia
47%
8. Copa Confederaciones
38%
9. Monterrey
36%
11. Burdeos
32%
8. Juegos Olímpicos
32%
5. Saque de Arco
32%
9. Seattle Sounders
25%
11. Toulouse
25%
9. Los Ángeles FC
23%
9. Pachuca
23%
No se encontraron pruebas coincidentes
Distribución de puntuación
Porcentaje de gente con cada puntuación
Porcentaje por número respondido
Historial de tus puntuaciones
No has intentado esta prueba desde el último reinicio